Name The Cast of Baddies South - Statistics

General Stats
  • This quiz has been taken 60 times
  • The average score is 8 of 9
Answer Stats
Hint Answer % Correct
CEO Natalie Nunn
100%
Blueface Chrisean Rock
96%
Slim and ... Rollie
96%
Rollie and ... Slim
89%
Body goals Scotty
87%
Spiritual queen Jela
85%
Got washed.. Persuasion
83%
Barbie from the block Bri
79%
Targeted Anne Moore
75%
No matching quizzes found
Score Distribution
Percent of People with Each Score
Percentile by Number Answered
Your Score History
You have not taken this quiz